Citizen support for democracy in Costa Rica and Latin America: an inquiry into its foundations, nature and consequences for political stability /

El documento consiste en una disertación en filosofía, para la Universidad de Notre Dame, en el que se analiza la democracia en Costa Rica con una comparación con Latino América.

Sparad:
Bibliografiska uppgifter
Huvudupphovsman: Vargas-Cullell, Jorge
Materialtyp: Lärdomsprov
Språk:Spanish
Publicerad: Indiana : University of Notre Dame 2005
Ämnen:
Taggar: Lägg till en tagg
Inga taggar, Lägg till första taggen!

MARC

LEADER 00000 a a2200000 04500
001 36324
003 cru CIDCACS/IIS
005 20230626091437.0
008 230626e2005 ii ||||| |||| 00| 0 spa d
040 |a CRAI/IIS  |c CRAI/IIS 
090 |a 04.02.02 V297c V.1  
100 |a Vargas-Cullell, Jorge  
245 |a Citizen support for democracy in Costa Rica and Latin America:   |b an inquiry into its foundations, nature and consequences for political stability /  |c Jorge Vargas-Cullell 
260 |a Indiana :   |b University of Notre Dame   |c 2005 
300 |a 222 páginas; Volumen 1.  
502 |a Tesis (Doctorado en Filosofía) -- University of Notre Dame, 2005  
520 |a El documento consiste en una disertación en filosofía, para la Universidad de Notre Dame, en el que se analiza la democracia en Costa Rica con una comparación con Latino América. 
650 0 |9 83  |a DEMOCRACIA 
650 0 |9 3691  |a POLITICA 
650 0 |9 143  |a ECONOMIA 
651 0 |9 32  |a COSTA RICA 
651 0 |9 17  |a AMERICA LATINA 
942 |2 ddc  |c LI  |h 04.02.02 V297c V.1   |i 02512  |6 040202_V297C_V1_02512 
999 |c 17947  |d 17947